00665naa a2200157 a 450000100080000000500110000800800410001910000110006024501000007126000090017152001600018065300180034065300180035865300120037677301190038810778802011-07-06 2009 bl uuuu u00u1 u #d1 aEpagri aQualidade de sementes de pinh??o-manso sob diferentes condi????es e per??odos de armazenamento. c2009 aO objetivo do trabalho foi avaliar a qualidade fisiol??gica das sementes de pinh??o-manso submetidas a diferentes condi????es e per??odos de armazenamento. aArmazenamento aPinh??o-manso aSemente tIn: CONGRESSO BRASILEIRO DE SEMENTES, 16., 2009, Curitiba, PR. [Anais...]. Londrina, PR: [s.n.], 2009. p. 173-173.